| 000 | 01322nam0a22003011 4500 | ||
|---|---|---|---|
| 001 | rc\4675212 | ||
| 005 | 20250612150930.0 | ||
| 021 |
_aRU _b[64-78563] |
||
| 035 | _a(NLR Aleph) 008704781 | ||
| 090 |
_a9321160 _c9321160 |
||
| 100 | _a20130416d1964 |||y0rusy50 ca | ||
| 101 | 0 | _arus | |
| 102 | _aRU | ||
| 105 | _aa bg ||||| | ||
| 200 | 1 |
_aПодшипники качения _eКаталог-справочник _fЦентр. ин-т науч.-техн. информации по автоматизации и машиностроению. Гос. ком. по машиностроению при Госплане СССР |
|
| 210 |
_aМосква _cБ. и. _d1964 |
||
| 215 |
_a395 с. _cил. _d27 |
||
| 225 | 1 | _aСерия ОС-X | |
| 300 | _aВ вып. дан. сост.: д-р техн. наук Спицын Н.А., Доброборский С.А., Коростишевский Р.В. и др. | ||
| 606 |
_aПодшипники качения _jКаталоги-справочники _2psbo |
||
| 702 | 1 |
_aДоброборский _bС.А. _4220 |
|
| 702 | 1 |
_aКоростишевский _bР.В. _4220 |
|
| 702 | 1 |
_aСпицын _bН.А. _gНиколай Александрович _4220 |
|
| 801 | 0 |
_aRU _bNLR _gpsbo |
|
| 801 | 1 |
_aRU _bELAR _2rusmarc |
|
| 852 |
_aNLR _jПт 36.62/80 |
||
| 942 | _cBOOK | ||
| 980 | _aNB | ||